000 01009nam a2200289 i 4500
999 _c58456
_d58456
001 58456
003 Mx-PuUPA
005 20230207104043.0
008 140415s2017 mx r 000 0 spa d
020 _a9786074265613
040 _aMX-PuUPA
_bspa
_erda
_cMx-PuUPA
_dMx-PuUPA
041 0 _aspa
100 1 _aArteaga Nava, Elisur,
_eautor
_96776
245 1 0 _aDerecho constitucional :
_bparte general : teoría y política /
_cElisur Arteaga Nava.
250 _aPrimera edición
264 0 _aMéxico :
_bOxford University Press,
_c2017
300 _axx, 484 páginas ;
_c23 cm.
336 _atexto
_2rdacontent
_btxt
337 _asin medio
_2rdamedia
_bn
338 _avolumen
_2rdacarrier
_bnc
490 0 _aTextos jurídicos universitarios
650 4 _aDerecho constitucional
_xCiencias políticas
942 _2ddc
_cLI
_h342.001
_iA7841